Swiss soccer players scoring during the World Cup - Statistics

General Stats
  • This quiz has been taken 312 times
    191 since last reset
  • The average score is 8 of 31
Answer Stats
Goals Year(s) Player % Correct
5 2014, 2018, 2022 Xherdan Shaqiri
96%
2 2014, 2018 Granit Xhaka
85%
2 2022 Breel Embolo
75%
1 2014 Haris Seferović
62%
2 2006 Alexander Frei
58%
1 2022 Manuel Akanji
50%
1 2022 Remo Freuler
40%
2 2014, 2018 Blerim Dzemaili
34%
1 2018 Steven Zuber
34%
1 2014 Admir Mehmedi
33%
1 2010 Gelson Fernandes
32%
1 1994 Stéphane Chapuisat
30%
1 2006 Philippe Senderos
27%
1 2018 Josip Drmić
22%
2 1994 Adrian Knup
18%
1 1994 Alain Sutter
18%
1 2006 Tranquillo Barnetta
18%
1 1994 Georges Bregy
17%
6 1954 Josef Hügi
14%
4 1934, 1938 André Abegglen
11%
3 1950 Jacky Fatton
8%
4 1954 Robert Ballaman
7%
1 1938 Alfred Bickel
6%
3 1934 Leopold Kielholz
6%
1 1966 René-Pierre Quentin
6%
1 1934 Willy Jaggi
5%
1 1938 Eugène Walaschek
4%
1 1962 Heinz Schneiter
4%
1 1950 René Bader
4%
1 1950 Jean Tamini
3%
1 1962 Rolf Wüthrich
3%
No matching quizzes found
Score Distribution
Percent of People with Each Score
Percentile by Number Answered
Your Score History
You have not taken this quiz since the last reset